Các dân tộc Việt Nam - Statistics

General Stats
  • This quiz has been taken 34 times
    26 since last reset
  • The average score is 10 of 20
Answer Stats
% dân số Tên dân tộc % Correct
85,73% Kinh
100%
0,96% Hoa
75%
1,81% Thái
75%
0,87% Dao / Mán
70%
0,39% Ê Đê
70%
1,24% H'Mông
70%
1,48% Mường
70%
1,47% Khơ Me
65%
1,13% Nùng
65%
1,89% Tày
65%
0,19% Chăm
60%
0,19% Cơ Ho
60%
0,27% Ba Na
55%
0,48% Gia Rai
35%
0,17% Sán Dìu
25%
0,20% Sán Chay
20%
0,12% M'Nông
15%
0,20% Xơ Đăng
15%
0,14% Ra Glai
5%
0,15% Hrê
0%
No matching quizzes found
Score Distribution
Percent of People with Each Score
Percentile by Number Answered
Your Score History
You have not taken this quiz since the last reset